| 000 | 01151nam a2200217Ia 4500 | ||
|---|---|---|---|
| 003 | Ost | ||
| 005 | 20260507075436.0 | ||
| 008 | 260507s9999||||xx |||||||||||||| ||und|| | ||
| 040 | _cfsecg | ||
| 041 | _aara | ||
| 082 | _a310 | ||
| 100 |
_aصالح، محمود محمد سليم _eمؤلف |
||
| 245 | 0 |
_aمقدمة في الاحصاء : _bلطلاب المجتمع والعلوم الإدارية / _c محمود محمد سليم صالح |
|
| 260 |
_aعمان: _bمكتبة المجتمع العربي للنشر و التوزيع, _c2008 |
||
| 300 |
_a322 صفحة؛ _bإيضاحات ؛ _c24 سم |
||
| 504 | _aببليوغرافيا: ص.321 | ||
| 520 | _aعروض ووصف البيانات الاحصائية، مقاييس النزعة المركزية، مقاييس التشتت، المجموعات وطرق العقد، مبادئ نظرية الاحتمالات، المتغيرات العشوائية والتوزيعات الاحتمالية، الارتباط والانحدار، الأرقام القياسية، السلاسل الزمنية | ||
| 653 | _aالاحتمالات | ||
| 653 | _aالاحصاء | ||
| 942 | _cكتاب | ||
| 999 |
_c44541 _d44541 |
||